000 00916nam a2200253Ia 4500
001 20838
003 GE_BSU
008 181216s||||||||xx |||||||||||||| ||und||
020 _a9789941197215
040 _cGE_BSU
080 _a821.134.1(861)-31
100 _aგარსია მარკესი, გაბრიელ
245 _aმარტოობის ასი წელიწადი
245 _bრომანი
245 _cესპანურიდან თარგმნა ელზა ახვლედიანმა;რედ:მაია ალადაური
260 _aთბილისი
260 _bპალიტრაL
260 _c2012
300 _a404გვ;22სმ.
541 _h8ლ.76თ.
653 _aმარტოობის ასი წელი
653 _aმხატვრული ლიტერატურა
942 _cBK
999 _c53788
_d53788